00519nam a2200181Ia 4500003000400000005001700004008004100021020001500062040000700077041000800084082002100092100002300113245011400136260003700250300001500287365001300302650002200315OSt20230427102837.0210423s2003 xx 000 0 und d a039309412x cAL aeng a823.509 KELN223 aKELLY (Edward),Ed. aNorton critical edition: Daniel Defoe Moll Flanders; an authoritative text backgrounds and sources criticism. aNew YorkbW W Norton & Co.c2003 aix,444bPB b225cINR aEnglish Criticism